Your fantastic elastic brain : (Record no. 4032)

MARC details
000 -LEADER
fixed length control field 01570cam a22003977i 4500
001 - CONTROL NUMBER
control field 4032
003 - CONTROL NUMBER IDENTIFIER
control field FISKH
005 - DATE AND TIME OF LATEST TRANSACTION
control field 20240531154044.0
008 - FIXED-LENGTH DATA ELEMENTS--GENERAL INFORMATION
fixed length control field 150420s2010 caua j 000 0 eng d
010 ## - LIBRARY OF CONGRESS CONTROL NUMBER
LC control number 2010913850
020 ## - INTERNATIONAL STANDARD BOOK NUMBER
International Standard Book Number 9780982993804
020 ## - INTERNATIONAL STANDARD BOOK NUMBER
International Standard Book Number 9780545650977
020 ## - INTERNATIONAL STANDARD BOOK NUMBER
International Standard Book Number 0982993803
035 ## - SYSTEM CONTROL NUMBER
System control number (OCoLC)ocn698130854
040 ## - CATALOGING SOURCE
Original cataloging agency IKG
Language of cataloging eng
Transcribing agency IKG
Description conventions rda
Modifying agency UPM
-- BKX
-- YDXCP
-- XY4
-- BDX
-- CQA
-- OCLCF
-- IXA
-- OCLCO
-- DLC
042 ## - AUTHENTICATION CODE
Authentication code lccopycat
050 00 - LIBRARY OF CONGRESS CALL NUMBER
Classification number QP361.5
Item number .D43 2010
082 00 - DEWEY DECIMAL CLASSIFICATION NUMBER
Classification number 612.8/2
Edition number 23
100 1# - MAIN ENTRY--PERSONAL NAME
Personal name Deak, JoAnn M.,
Relator term author.
245 10 - TITLE STATEMENT
Title Your fantastic elastic brain :
Remainder of title stretch it, shape it /
Statement of responsibility, etc. by JoAnn Deak, Ph.D. ; illustrated by Sarah Ackerley.
250 ## - EDITION STATEMENT
Edition statement First Scholastic printing, October 2013
260 ## - PUBLICATION, DISTRIBUTION, ETC.
Place of publication, distribution, etc. New York :
Name of publisher, distributor, etc. Scholastic,
Date of publication, distribution, etc. 2010
300 ## - PHYSICAL DESCRIPTION
Extent 40 unnumbered pages :
Other physical details color illustrations ;
Dimensions 23 cm
505 ## - FORMATTED CONTENTS NOTE
Formatted contents note R<br/>
520 ## - SUMMARY, ETC.
Summary, etc. This innovative and timely picture book teaches children that they have the ability to stretch and grow their own brains. It also delivers the crucial message that mistakes are an essential part of learning. The book introduces children to the anatomy and various functions of the brain in a fun and engaging way.--
521 8# - TARGET AUDIENCE NOTE
Target audience note 700<br/>
Source Lexile<br/>
521 8# - TARGET AUDIENCE NOTE
Target audience note R<br/>
Source Raz-Plus<br/>
650 #0 - SUBJECT ADDED ENTRY--TOPICAL TERM
Topical term or geographic name entry element Brain
Form subdivision Juvenile literature.
650 #0 - SUBJECT ADDED ENTRY--TOPICAL TERM
Topical term or geographic name entry element Brain
General subdivision Anatomy
Form subdivision Juvenile literature.
650 #1 - SUBJECT ADDED ENTRY--TOPICAL TERM
Topical term or geographic name entry element Brain.
650 #1 - SUBJECT ADDED ENTRY--TOPICAL TERM
Topical term or geographic name entry element Brain
General subdivision Anatomy.
700 1# - ADDED ENTRY--PERSONAL NAME
Personal name Ackerley, Sarah,
Dates associated with a name 1981-
Relator term illustrator.
906 ## - LOCAL DATA ELEMENT F, LDF (RLIN)
a 7
b cbc
c copycat
d 2
e epcn
f 20
g y-gencatlg
942 ## - ADDED ENTRY ELEMENTS (KOHA)
Source of classification or shelving scheme Dewey Decimal Classification
Koha item type Books
Suppress in OPAC No
Holdings
Withdrawn status Lost status Source of classification or shelving scheme Damaged status Not for loan Collection Home library Current library Shelving location Date acquired Total Checkouts Full call number Barcode Date last seen Price effective from Koha item type
    Dewey Decimal Classification     Non-Fiction Footprints International School Library Network Toul Kork Campus Footprints International School Library Network Toul Kork Campus TK Primary Library Room(4th Floor), Bookcase 5&6, Shelves 33-56, Orange Books 05/31/2024   DEA 612.82 QP361.D43 FISBK05855 05/31/2024 05/31/2024 Books